Načítá se...

Marx Engals Marxism

Podrobná bibliografie
Hlavní autor: E M S Namboodiripad
Vydáno: Thiruvanathapuram Chintha 1998
Témata:
LEADER 00831nam a22002171a 4500
020 |c 0.00 
040 |a SSUS - Library - Kalady 
082 |a M 320.532 2  |b N98 
100 |a E M S Namboodiripad 
245 |a Marx Engals Marxism  |h [Text] 
260 |a Thiruvanathapuram  |b Chintha   |c 1998 
300 |a 128p. 
500 |a EMS 
600 |a Marxism 
852 |k CD Library  |h M 320.532 2  |i N98  |p CD1860  |9 40.00  |t 0 
852 |k CD Library  |h M 320.532 2  |i N98  |p CD1861  |9 40.00  |t 0 
942 |c CDL 
942 |c CDL 
999 |c 27992  |d 27992 
952 |0 0  |1 0  |4 0  |6 CD_M_320_532000000000000_2_N98  |7 0  |9 40392  |a SSUS  |b SSUS  |d 2015-01-08  |g 40.00  |o CD M 320.532 2 N98  |p CD1860  |r 2015-01-08  |v 0.00  |w 2015-01-08  |y CDL 
952 |0 0  |1 0  |4 0  |6 CD_M_320_532000000000000_2_N98  |7 0  |9 40393  |a SSUS  |b SSUS  |d 2015-01-08  |g 40.00  |o CD M 320.532 2 N98  |p CD1861  |r 2015-01-08  |v 0.00  |w 2015-01-08  |y CDL